000 00246nam a2200097Ia 4500
001 1157869
005 20250827011249.0
008 250824s9999 xx 000 0 und d
245 0 _aZAMANI DURDURAN SAAT
_cYAŞAR BAYRAKTAR
260 _bTİMAŞ GENÇ
999 _c1157869
_d1157869